| 000 | 01103nam a22002535a 4500 | ||
|---|---|---|---|
| 003 | OSt | ||
| 005 | 20160925130152.0 | ||
| 008 | 160828s1996 ua frb 000 0 ara d | ||
| 040 |
_aEG-ScBUE _bara _cEG-ScBUE |
||
| 043 | _ama----- | ||
| 082 | 0 | 4 |
_a342.174927 _bط م ا _222 |
| 100 | 1 |
_940566 _aطماوي، سليمان محمد. |
|
| 245 | 1 | 4 |
_aالسلطات الثلاث في الدساتير العربية المعاصرة وفي الفكر السياسي الإسلامي : _bدراسة مقارنة / _cسلمان محمد الطماوي. |
| 250 | _aط. 6، مزيدة ومنقحة. | ||
| 260 |
_aالقاهرة : _bدار الفكر العربي، _c1996. |
||
| 300 |
_a604 ص. ؛ _c24 سم. |
||
| 504 | _aيشتمل على إرجاعات ببليوجرافية. | ||
| 650 | 7 |
_aالقانون الدستوري _zالدول العربية. _2BUEsh _940916 |
|
| 650 | 7 |
_aالسلطات الثلاث _zالدول العربية. _2BUEsh _940917 |
|
| 650 | 0 |
_aالقانون الدستوري (فقه إسلامي) _2BUEsh _940918 |
|
| 651 | _2BUEsh | ||
| 653 |
_bLLAAWW _cAugust 2016 |
||
| 942 | _2ddc | ||
| 999 |
_c22248 _d22220 |
||